[Event "Niedersachsen-ch open"]
[Site "Verden"]
[Date "2010.01.05"]
[Round "6.44"]
[White "Celik, Abdullah"]
[Black "Diederichs, Luise"]
[Result "1-0"]
[WhiteElo "1793"]
[BlackElo "1470"]
[PlyCount "83"]
[EventDate "2010.01.03"]
[EventType "swiss"]
[EventRounds "7"]
[EventCountry "GER"]
[SourceTitle "EXT 2012"]
[Source "ChessBase"]
[SourceDate "2011.11.24"]
[SourceVersion "1"]
[SourceVersionDate "2011.11.24"]
[SourceQuality "1"]

1. d4 d5 2. c4 e6 3. Nc3 Nf6 4. cxd5 exd5 5. Bg5 c6 6. e3 Be6 7. Bd3 Nbd7 8. Qc2 Bd6 9. Nge2 Qc7 10. Rc1 a6 11. Bh4 Bg4 12. Bg3 Bxe2 13. Qxe2 Bxg3 14. hxg3 h6 15. Qf3 Qd6 16. a3 Qe6 17. 0-0 Qg4 18. Bf5 Qxf3 19. gxf3 0-0 20. e4 dxe4 21. fxe4 Nb6 22. Rfd1 Rad8 23. b4 Rfe8 24. f3 Nc4 25. Kf2 Nb2 26. Rd2 Nc4 27. Ra2 Rxd4 28. Ne2 Rd2 29. Rxd2 Nxd2 30. Ke3 Rd8 31. Rc2 Nf1+ 32. Kf2 Nd2 33. e5 Nh7 34. f4 g6 35. Bh3 f5 36. Ke3 Nb1 37. a4 Nf8 38. Nd4 Kf7 39. Bf1 Na3 40. Rc3 Nb1 41. Bc4+ Ke7 42. Rd3 1-0

[Event "Lippe Cup 03rd"]
[Site "Lieme"]
[Date "2006.10.08"]
[Round "4"]
[White "Celik, Abdullah"]
[Black "Wellnitz, David Bastian"]
[Result "1-0"]
[WhiteElo "1444"]
[BlackElo "1101"]
[PlyCount "55"]
[EventDate "2006.10.06"]
[EventType "swiss"]
[EventRounds "5"]
[EventCountry "GER"]
[SourceTitle "EXT 2012"]
[Source "ChessBase"]
[SourceDate "2011.11.24"]
[SourceVersion "1"]
[SourceVersionDate "2011.11.24"]
[SourceQuality "1"]

1. e4 e5 2. Bc4 Nf6 3. Nf3 Nc6 4. Ng5 d5 5. exd5 Na5 6. Be2 Qxd5 7. Nf3 Bc5 8. Nc3 Qd6 9. 0-0 0-0 10. d3 b6 11. Bg5 Ng4 12. h3 Nf6 13. Qd2 Bf5 14. Bxf6 Qxf6 15. Ne4 Bxe4 16. dxe4 Rad8 17. Bd3 Bd4 18. c3 Bc5 19. b4 Nc4 20. Qe2 Bxb4 21. cxb4 Nd6 22. Rfd1 Qf4 23. Qd2 Qxd2 24. Rxd2 f5 25. exf5 e4 26. Ng5 Nxf5 27. Bc4+ Kh8 28. Rxd8 1-0

[Event "Lippe Cup 03rd"]
[Site "Lieme"]
[Date "2006.10.08"]
[Round "5"]
[White "Witte, Thomas"]
[Black "Celik, Abdullah"]
[Result "1/2-1/2"]
[WhiteElo "1651"]
[BlackElo "1444"]
[PlyCount "36"]
[EventDate "2006.10.06"]
[EventType "swiss"]
[EventRounds "5"]
[EventCountry "GER"]
[SourceTitle "EXT 2012"]
[Source "ChessBase"]
[SourceDate "2011.11.24"]
[SourceVersion "1"]
[SourceVersionDate "2011.11.24"]
[SourceQuality "1"]

1. e4 e5 2. Nf3 Nc6 3. Bb5 a6 4. Bxc6 dxc6 5. 0-0 Bd6 6. d3 Be6 7. Be3 Qd7 8. Ng5 Bg4 9. f3 Be6 10. Nxe6 Qxe6 11. Qe1 Ne7 12. Nd2 Ng6 13. Nb3 0-0-0 14. Qa5 Qe7 15. Bc5 Nf4 16. Rfd1 h5 17. Bxd6 cxd6 18. Qd2 g5 1/2-1/2

[Event "Lippe Cup 02nd"]
[Site "Lieme"]
[Date "2005.10.08"]
[Round "3"]
[White "Radde, Horst"]
[Black "Celik, Abdullah"]
[Result "0-1"]
[WhiteElo "1780"]
[BlackElo "1410"]
[PlyCount "127"]
[EventDate "2005.10.07"]
[EventType "swiss"]
[EventRounds "5"]
[EventCountry "GER"]
[SourceTitle "EXT 2012"]
[Source "ChessBase"]
[SourceDate "2011.11.24"]
[SourceVersion "1"]
[SourceVersionDate "2011.11.24"]
[SourceQuality "1"]

1. d4 Nf6 2. c4 g6 3. Nc3 Bg7 4. e4 d6 5. f3 Nc6 6. Be3 Nd7 7. Nge2 e5 8. d5 Ne7 9. g4 f5 10. gxf5 gxf5 11. Bg5 f4 12. Bh3 Nf6 13. Bxc8 Qxc8 14. Qa4+ Qd7 15. Qxd7+ Kxd7 16. b4 Ng6 17. Bxf6 Bxf6 18. Nc1 Nh4 19. Ke2 Rhg8 20. Nd3 Ng2 21. c5 Ne3 22. Rag1 Bh4 23. b5 Ke7 24. Nd1 Nc4 25. a4 Na3 26. Kd2 Nc4+ 27. Kc3 Na5 28. Kb4 b6 29. c6 h6 30. N1f2 h5 31. Nh3 Kf6 32. Rxg8 Rxg8 33. Rg1 Rxg1 34. Nxg1 Kg5 35. Kc3 Kf6 36. Ne2 Bg5 37. Nec1 Kg6 38. Na2 Bd8 39. Nab4 Kf7 40. Na6 Ke8 41. Nb8 Be7 42. Nd7 Kd8 43. Nb8 Ke8 44. Na6 Bd8 45. Nc1 Kf7 46. Ne2 Ke8 47. Ng1 Kf7 48. Nh3 Ke8 49. Kb4 Kf8 50. Nf2 Ke8 51. Nd3 Kf8 52. Ne1 Ke8 53. Nc2 Kf8 54. Kc3 Ke8 55. Na3 Kf8 56. Nb1 Ke8 57. Na3 Kf8 58. Nb1 Ke8 59. Nd2 Kf8 60. Kd3 Ke8 61. Ke2 Kf8 62. Kd3 Ke8 63. Kc3 Kf8 64. Nb1 0-1

[Event "Lippe Cup 01st"]
[Site "Lieme"]
[Date "2004.10.24"]
[Round "4"]
[White "Kaesemann, Holger"]
[Black "Celik, Abdullah"]
[Result "0-1"]
[WhiteElo "1612"]
[BlackElo "1285"]
[PlyCount "42"]
[EventDate "2004.10.22"]
[EventType "swiss"]
[EventRounds "5"]
[EventCountry "GER"]
[SourceTitle "EXT 2012"]
[Source "ChessBase"]
[SourceDate "2011.11.24"]
[SourceVersion "1"]
[SourceVersionDate "2011.11.24"]
[SourceQuality "1"]

1. c4 Nf6 2. b3 g6 3. Bb2 Bg7 4. Nf3 d6 5. g3 e5 6. d3 Nc6 7. Bg2 Be6 8. Nbd2 Qc8 9. h3 h6 10. g4 0-0 11. a3 Nh7 12. Qc2 f5 13. gxf5 gxf5 14. 0-0-0 Qd7 15. e3 Rab8 16. a4 f4 17. d4 Bf5 18. e4 Bg6 19. d5 Nd4 20. Qd3 c5 21. Rhg1 b5 0-1

[Event "Lippe Cup 01st"]
[Site "Lieme"]
[Date "2004.10.22"]
[Round "1"]
[White "Ruge, Vitalij"]
[Black "Celik, Abdullah"]
[Result "1/2-1/2"]
[WhiteElo "1642"]
[BlackElo "1285"]
[PlyCount "44"]
[EventDate "2004.10.22"]
[EventType "swiss"]
[EventRounds "5"]
[EventCountry "GER"]
[SourceTitle "EXT 2012"]
[Source "ChessBase"]
[SourceDate "2011.11.24"]
[SourceVersion "1"]
[SourceVersionDate "2011.11.24"]
[SourceQuality "1"]

1. e4 e6 2. d4 d5 3. e5 c5 4. Nf3 Nc6 5. c3 Qb6 6. Qb3 Qxb3 7. axb3 cxd4 8. Nxd4 Nxd4 9. cxd4 a6 10. Bd2 Ne7 11. Nc3 Bd7 12. Bd3 Nc6 13. Nb5 Rc8 14. Na3 Nxd4 15. b4 Nb3 16. Ra2 Nxd2 17. Kxd2 Bxb4+ 18. Ke3 Ke7 19. Nc2 Bc5+ 20. Kf3 f5 21. b4 Bb6 22. Ra3 Bb5 1/2-1/2